000 00315nam a22001337a 4500
008 170505b xxu||||| |||| 00| 0 eng d
020 _a9780536592750
041 _aeng
080 _25 ED
_a34
100 _a14
101 _aSHJ
245 _aOPPRESION AND SOCIAL JUSTICE
_cANDRZEJEWSKI.J
942 _2udc
_cBK
999 _c12794
_d12794